Countries most similar to Liechtenstein - Statistics

General Stats
  • This quiz has been taken 33 times
    30 since last reset
  • The average score is 15 of 20
Answer Stats
Rank Country % Correct
9 Germany
100%
3 Luxembourg
100%
8 Austria
96%
20 Belgium
96%
7 Switzerland
92%
5 Andorra
88%
13 Italy
88%
1 Monaco
88%
2 San Marino
88%
17 Netherlands
84%
18 Slovenia
80%
6 Vatican City
80%
16 Sweden
76%
19 Denmark
72%
15 Norway
72%
4 Malta
60%
14 Iceland
56%
10 Estonia
40%
11 Latvia
40%
12 Lithuania
40%
No matching quizzes found
Score Distribution
Percent of People with Each Score
Percentile by Number Answered
Your Score History
You have not taken this quiz since the last reset